[Event "Malcolm Sim mem 2"]
[Site "Toronto CAN"]
[Date "2002.02.13"]
[Round "1"]
[White "Millar, David"]
[Black "Bergeron, Florian"]
[Result "1/2-1/2"]
[WhiteElo "1877"]
[BlackElo "1954"]
[PlyCount "65"]
[EventDate "2002.02.13"]
[EventType "tourn"]
[EventRounds "9"]
[EventCountry "CAN"]

1. d4 Nf6 2. Nf3 e6 3. c4 d5 4. Nc3 Bb4 5. Bg5 h6 6. Bxf6 Qxf6 7. e3 O-O 8. Bd3
c5 9. O-O cxd4 10. exd4 dxc4 11. Bxc4 Nc6 12. a3 Bxc3 13. bxc3 b6 14. Re1 Bb7
15. Bd3 Kh8 16. Qe2 Rad8 17. Qe4 g6 18. Qe3 Kg7 19. Be4 Na5 20. Bxb7 Nxb7 21.
Ne5 Nd6 22. Qd3 Qf5 23. Qa6 Ne4 24. Qxa7 Qxf2+ 25. Kh1 Qh4 26. Nf3 Qg4 27. Rf1
Qh5 28. Kg1 Nxc3 29. Rae1 Qa5 30. Qb7 Rb8 31. Qe7 Rbe8 32. Qb7 Rb8 33. Qe7
1/2-1/2

[Event "Malcolm Sim mem 2"]
[Site "Toronto CAN"]
[Date "2002.02.13"]
[Round "1"]
[White "Richardson, Ross"]
[Black "Sherman, Robert"]
[Result "1-0"]
[WhiteElo "1928"]
[BlackElo "1962"]
[PlyCount "35"]
[EventDate "2002.02.13"]
[EventType "tourn"]
[EventRounds "9"]
[EventCountry "CAN"]

1. d4 d5 2. e4 dxe4 3. Nc3 Bf5 4. f3 exf3 5. Qxf3 Qc8 6. Bc4 Nf6 7. Nge2 Bxc2
8. O-O Nbd7 9. Bg5 Nb6 10. Bxf6 gxf6 11. Bd5 c6 12. Be4 Bxe4 13. Nxe4 Nd5 14.
N2g3 Qc7 15. b4 Nxb4 16. Nxf6+ exf6 17. Qxf6 Rg8 18. Rae1+ 1-0

[Event "Malcolm Sim mem 2"]
[Site "Toronto CAN"]
[Date "2002.02.18"]
[Round "1"]
[White "Shah, Omar"]
[Black "Verma, Rajan"]
[Result "1-0"]
[WhiteElo "1913"]
[BlackElo "1795"]
[PlyCount "53"]
[EventDate "2002.02.13"]
[EventType "tourn"]
[EventRounds "9"]
[EventCountry "CAN"]

1. e4 e5 2. Nf3 Nc6 3. d4 exd4 4. Nxd4 Bc5 5. Be3 Qf6 6. c3 Nge7 7. Be2 Nxd4 8.
cxd4 Bb4+ 9. Nd2 Bxd2+ 10. Qxd2 d5 11. Rc1 c6 12. e5 Qg6 13. O-O Bf5 14. Rc3
O-O 15. Bg5 Rfe8 16. Rg3 Qe6 17. h4 Kh8 18. h5 Ng8 19. Bh4 Qh6 20. Bg5 Qe6 21.
Bh4 Qh6 22. f4 Qe6 23. Bd3 Nh6 24. Bg5 Bxd3 25. Rxd3 Ng4 26. f5 Qd7 27. Qf4 1-0

[Event "Malcolm Sim mem 2"]
[Site "Toronto CAN"]
[Date "2002.02.13"]
[Round "1"]
[White "Sviridovitch, Slava"]
[Black "Paterson, Jim"]
[Result "0-1"]
[WhiteElo "1872"]
[BlackElo "1964"]
[PlyCount "128"]
[EventDate "2002.02.13"]
[EventType "tourn"]
[EventRounds "9"]
[EventCountry "CAN"]

1. d4 d5 2. c4 e6 3. cxd5 exd5 4. Nc3 Nf6 5. Bg5 Be7 6. e3 c6 7. Bd3 h6 8. Bxf6
Bxf6 9. Nge2 Nd7 10. O-O O-O 11. b4 a6 12. Qb3 Re8 13. Rac1 Nf8 14. a4 Bg4 15.
Ng3 Nh7 16. b5 Qb6 17. Rb1 axb5 18. axb5 Be7 19. Qc2 Nf6 20. bxc6 Qxc6 21. Bb5
Qc7 22. Bxe8 Rxe8 23. Rfc1 Rc8 24. Qb3 Qa5 25. Qxb7 Ba3 26. Rb5 Rxc3 27. Rxa5
Rxc1+ 28. Nf1 Be2 29. Qb8+ Kh7 30. h3 Rxf1+ 31. Kh2 Be7 32. Ra7 Ne4 33. Rxe7
Nxf2 34. Qf4 Ng4+ 35. hxg4 Rxf4 36. exf4 Bxg4 37. Rxf7 Kg6 38. Ra7 Be2 39. Kg3
Kf6 40. Kf2 Bd1 41. Rd7 Bb3 42. g4 g6 43. Rd6+ Kg7 44. Ke3 Bc4 45. f5 g5 46.
Kd2 Bb3 47. Re6 Bc4 48. Kc3 Bf1 49. Re3 Bg2 50. Kb4 Kf6 51. Re6+ Kg7 52. Kc5
Bf3 53. Kd6 Bxg4 54. Re7+ Kf6 55. Re6+ Kxf5 56. Rxh6 Bf3 57. Ke7 Ke4 58. Kf6 g4
59. Rg6 Kxd4 60. Rg5 Ke3 61. Rf5 g3 62. Ke5 g2 63. Rg5 Kf2 64. Kf4 Be4 0-1

[Event "Malcolm Sim mem 2"]
[Site "Toronto CAN"]
[Date "2002.02.13"]
[Round "1"]
[White "Takov, Chris"]
[Black "Haziprodromu, Sam"]
[Result "1-0"]
[WhiteElo "1900"]
[BlackElo "1979"]
[PlyCount "89"]
[EventDate "2002.02.13"]
[EventType "tourn"]
[EventRounds "9"]
[EventCountry "CAN"]

1. d4 Nf6 2. Nf3 c5 3. e3 g6 4. b3 Bg7 5. Bb2 O-O 6. g3 d6 7. Bg2 Nfd7 8. O-O
Nc6 9. Nbd2 Rb8 10. Rb1 b5 11. d5 Nce5 12. Nxe5 Nxe5 13. h3 a5 14. f4 Nd7 15.
Bxg7 Kxg7 16. c4 Ba6 17. Qc2 Kg8 18. Kh2 Qc7 19. Rfe1 Rb7 20. e4 bxc4 21. Nxc4
Bxc4 22. Qxc4 Rb4 23. Qc3 Rfb8 24. a3 R4b5 25. Bf1 R5b7 26. Bc4 a4 27. Rec1 Nb6
28. Ba6 Ra7 29. Bc4 Nxc4 30. Qxc4 axb3 31. Rxb3 Rxb3 32. Qxb3 Qa5 33. Qb8+ Kg7
34. Qb2+ f6 35. Rc3 Kf7 36. e5 c4 37. exf6 Qxd5 38. fxe7 Rxe7 39. Qg2 Qxg2+ 40.
Kxg2 d5 41. Kf3 Re1 42. Re3 Rc1 43. g4 d4 44. Re2 d3 45. Re3 1-0

[Event "Malcolm Sim mem 2"]
[Site "Toronto CAN"]
[Date "2002.02.22"]
[Round "2"]
[White "Bergeron, Florian"]
[Black "Richardson, Ross"]
[Result "1-0"]
[WhiteElo "1954"]
[BlackElo "1944"]
[PlyCount "81"]
[EventDate "2002.02.13"]
[EventType "tourn"]
[EventRounds "9"]
[EventCountry "CAN"]

1. Nf3 Nf6 2. d4 g6 3. g3 Bg7 4. Bg2 O-O 5. O-O c6 6. Nbd2 d5 7. Re1 Nbd7 8. e4
dxe4 9. Nxe4 Nxe4 10. Rxe4 Nf6 11. Re1 Be6 12. b3 h6 13. c4 Qa5 14. Bd2 Qh5 15.
Re5 g5 16. Qe2 Rad8 17. Bc3 Ne8 18. Re3 Nd6 19. Rd1 Nf5 20. Red3 Bc8 21. Qe1 g4
22. Ne5 f6 23. Nxc6 bxc6 24. Bxc6 Rd6 25. d5 e6 26. Bb4 Rxc6 27. Bxf8 Ra6 28.
Bxg7 Kxg7 29. d6 Bd7 30. c5 e5 31. b4 Nd4 32. Rxd4 exd4 33. Rxd4 Rxa2 34. c6
Bxc6 35. d7 Qe5 36. Rxg4+ Kh7 37. Qb1+ f5 38. d8=Q Bd5 39. Qd7+ Kh8 40. Qc8+
Kh7 41. Qcxf5+ 1-0

[Event "Malcolm Sim mem 2"]
[Site "Toronto CAN"]
[Date "2002.02.20"]
[Round "2"]
[White "Haziprodromu, Sam"]
[Black "Sviridovitch, Slava"]
[Result "1-0"]
[WhiteElo "1874"]
[BlackElo "1872"]
[PlyCount "87"]
[EventDate "2002.02.13"]
[EventType "tourn"]
[EventRounds "9"]
[EventCountry "CAN"]

1. e4 d5 2. exd5 Qxd5 3. Nc3 Qd8 4. d4 e6 5. Nf3 Nf6 6. g3 Bb4 7. Bg2 O-O 8.
O-O Bxc3 9. bxc3 c6 10. Ne5 Nbd7 11. c4 Qa5 12. Bd2 Qa6 13. Qe2 Rd8 14. Rfe1
Nf8 15. Bg5 Rxd4 16. c3 Rd6 17. Bxf6 gxf6 18. Ng4 e5 19. Rad1 c5 20. Rxd6 Qxd6
21. Rd1 Qe7 22. Ne3 Be6 23. Nd5 Bxd5 24. cxd5 Rd8 25. c4 Rd6 26. Be4 Ng6 27. h4
Qd7 28. Kg2 f5 29. Bb1 e4 30. Qe3 b6 31. h5 Ne5 32. Qg5+ Kf8 33. Bxe4 Nxc4 34.
Bxf5 Qd8 35. Qf4 Qf6 36. g4 b5 37. Re1 Rxd5 38. Qb8+ Qd8 39. Qxb5 Nd6 40. Qb2
Kg8 41. Bb1 c4 42. h6 Qf8 43. Qf6 Nc8 44. Re8 1-0

[Event "Malcolm Sim mem 2"]
[Site "Toronto CAN"]
[Date "2002.02.18"]
[Round "2"]
[White "Paterson, Jim"]
[Black "Millar, David"]
[Result "0-1"]
[WhiteElo "1964"]
[BlackElo "1877"]
[PlyCount "100"]
[EventDate "2002.02.13"]
[EventType "tourn"]
[EventRounds "9"]
[EventCountry "CAN"]

1. d4 Nf6 2. c4 g6 3. g3 Bg7 4. Bg2 d6 5. Nf3 O-O 6. Nc3 c6 7. O-O Nbd7 8. e4
Qc7 9. h3 e5 10. Be3 Re8 11. Re1 Nf8 12. dxe5 dxe5 13. Bc5 Rd8 14. Qc1 Ne6 15.
Be3 b6 16. Bh6 Bb7 17. Nh4 Bxh6 18. Qxh6 Qe7 19. Rad1 Qf8 20. Nf5 Qxh6 21.
Nxh6+ Kg7 22. Ng4 Nxg4 23. hxg4 Rd4 24. b3 Rad8 25. Kf1 Rd3 26. Rc1 Bc8 27. Ne2
Rd2 28. Nc3 Nc5 29. Red1 Bxg4 30. Rxd2 Rxd2 31. f3 Be6 32. Kg1 f5 33. exf5 Bxf5
34. Re1 Kf6 35. f4 e4 36. Bxe4 Nxe4 37. Nxe4+ Bxe4 38. Rxe4 Rxa2 39. Rd4 Kf5
40. Rd3 Kg4 41. Kf1 c5 42. Kg1 h5 43. Kf1 Rb2 44. Kg1 h4 45. gxh4 Kxf4 46. Rd6
Kf5 47. Rd3 Kg4 48. Rd6 Rxb3 49. Rxg6+ Kxh4 50. Rg7 Rg3+ 0-1

[Event "Malcolm Sim mem 2"]
[Site "Toronto CAN"]
[Date "2002.02.25"]
[Round "2"]
[White "Sherman, Robert"]
[Black "Shah, Omar"]
[Result "0-1"]
[WhiteElo "1962"]
[BlackElo "1912"]
[PlyCount "104"]
[EventDate "2002.02.13"]
[EventType "tourn"]
[EventRounds "9"]
[EventCountry "CAN"]

1. e4 c5 2. Nf3 e6 3. d4 cxd4 4. Nxd4 a6 5. Be2 Be7 6. O-O Qc7 7. Be3 Nf6 8.
Nd2 O-O 9. c4 b6 10. f4 d6 11. Bf3 Bb7 12. Qe1 Nbd7 13. b4 Rfe8 14. Qg3 Bf8 15.
e5 dxe5 16. fxe5 Bxf3 17. exf6 Qxg3 18. hxg3 Bb7 19. fxg7 Bxg7 20. Rac1 Bf8 21.
a3 a5 22. Nb5 Rec8 23. c5 bxc5 24. bxc5 Nxc5 25. Rf4 f5 26. Rh4 Ba6 27. Nd4
Rab8 28. N2f3 Rb2 29. g4 Be7 30. g5 Bb7 31. Rh6 Bf8 32. Rh5 Re8 33. Nxf5 Nd3
34. Rc7 Rb1+ 35. Kh2 exf5 36. Rcxh7 Rxe3 37. Rh8+ Kf7 38. g6+ Kxg6 39. Rg5+ Kf7
40. Rxf5+ Ke7 41. Rfxf8 Bc6 42. Nh4 Ree1 43. Nf5+ Kd7 44. Rh7+ Ke6 45. Kg3 Rb7
46. Rh6+ Kd5 47. Rd8+ Rd7 48. Rxd7+ Bxd7 49. Rd6+ Ke4 50. Rxd7 Ne5 51. Re7 Kxf5
52. Kf2 Nd3+ 0-1

[Event "Malcolm Sim mem 2"]
[Site "Toronto CAN"]
[Date "2002.02.20"]
[Round "2"]
[White "Verma, Rajan"]
[Black "Takov, Chris"]
[Result "0-1"]
[WhiteElo "1795"]
[BlackElo "1900"]
[PlyCount "64"]
[EventDate "2002.02.13"]
[EventType "tourn"]
[EventRounds "9"]
[EventCountry "CAN"]

1. e4 e6 2. d4 d5 3. Nc3 Nf6 4. e5 Ne4 5. Nxe4 dxe4 6. c3 c5 7. Be3 cxd4 8.
Qxd4 Qxd4 9. Bxd4 Nc6 10. O-O-O Bd7 11. Ne2 Rc8 12. g3 Nxd4 13. Nxd4 Rc5 14.
Bg2 Rxe5 15. Rhe1 f5 16. f3 g6 17. fxe4 Bh6+ 18. Kb1 f4 19. Nf3 Rb5 20. g4 e5
21. Rd5 Bg7 22. h3 Bc6 23. Rxb5 Bxb5 24. Rd1 h5 25. g5 h4 26. Nxe5 Bxe5 27. Rd5
Be2 28. Rxe5+ Kf7 29. Rd5 f3 30. Bxf3 Bxf3 31. Kc1 Bxe4 32. Rd4 Bf5 0-1

[Event "Malcolm Sim mem 2"]
[Site "Toronto CAN"]
[Date "2002.02.27"]
[Round "3"]
[White "Bergeron, Florian"]
[Black "Sherman, Robert"]
[Result "1/2-1/2"]
[WhiteElo "1907"]
[BlackElo "1967"]
[PlyCount "106"]
[EventDate "2002.02.13"]
[EventType "tourn"]
[EventRounds "9"]
[EventCountry "CAN"]

1. Nf3 c5 2. Nc3 Nc6 3. d4 cxd4 4. Nxd4 g6 5. e4 Bg7 6. Be3 d6 7. Be2 Nf6 8.
O-O O-O 9. h3 Bd7 10. f4 a6 11. Qd2 Rc8 12. Bf3 Qc7 13. Nxc6 Bxc6 14. Rad1 Rfd8
15. Qf2 Nd7 16. Rd3 b5 17. a3 a5 18. Rd2 Qb7 19. Bd4 Bh6 20. Qh4 Bf8 21. e5
Bxf3 22. Rxf3 b4 23. axb4 axb4 24. e6 fxe6 25. Qg4 e5 26. Qe6+ Kh8 27. fxe5
dxe5 28. Rxf8+ Rxf8 29. Qxd7 Qxd7 30. Bxe5+ Kg8 31. Rxd7 Kf7 32. Rb7 Ke6 33.
Bd4 bxc3 34. Bxc3 Ra8 35. Bb4 Rf7 36. c4 Ra1+ 37. Kh2 h5 38. Rb6+ Kf5 39. c5 e5
40. c6 Raa7 41. Bd6 e4 42. Bb8 Rae7 43. Rb5+ Ke6 44. Rc5 Rc7 45. Bxc7 Rxc7 46.
Kg3 Kd6 47. Rg5 Kxc6 48. Rxg6+ Kd5 49. Kf4 Re7 50. Ke3 Rb7 51. Rg5+ Ke6 52.
Kxe4 Rxb2 53. Rxh5 Rxg2 1/2-1/2

[Event "Malcolm Sim mem 2"]
[Site "Toronto CAN"]
[Date "2002.02.27"]
[Round "3"]
[White "Millar, David"]
[Black "Haziprodromu, Sam"]
[Result "1-0"]
[WhiteElo "1855"]
[BlackElo "1874"]
[PlyCount "90"]
[EventDate "2002.02.13"]
[EventType "tourn"]
[EventRounds "9"]
[EventCountry "CAN"]

1. d4 Nf6 2. Nf3 b6 3. c4 e6 4. g3 Ba6 5. b3 Bb7 6. Bg2 Bb4+ 7. Bd2 Bxd2+ 8.
Nbxd2 O-O 9. O-O d6 10. Qc2 Nbd7 11. e4 e5 12. d5 a5 13. Ne1 Nc5 14. Nd3 Nfd7
15. Rae1 Nxd3 16. Qxd3 Nc5 17. Qc2 f5 18. exf5 Bc8 19. Qc3 Bxf5 20. Ne4 Bxe4
21. Bxe4 Nxe4 22. Rxe4 Qd7 23. Qe3 Qh3 24. Qe2 Rf6 25. Rh4 Qd7 26. Re4 Raf8 27.
f3 g5 28. Qg2 Qf5 29. g4 Qd7 30. Qe2 Qf7 31. Kg2 Rh6 32. Qe3 Qg7 33. Qd2 Rh4
34. h3 Rf6 35. a3 Rfh6 36. Rh1 Rg6 37. b4 h5 38. bxa5 hxg4 39. fxg4 bxa5 40.
Rf1 Rgh6 41. Re3 Rf6 42. Rxf6 Qxf6 43. Rf3 Qh6 44. Qxa5 e4 45. Qa8+ Kh7 1-0

[Event "Malcolm Sim mem 2"]
[Site "Toronto CAN"]
[Date "2002.02.27"]
[Round "3"]
[White "Richardson, Ross"]
[Black "Paterson, Jim"]
[Result "1-0"]
[WhiteElo "1976"]
[BlackElo "1976"]
[PlyCount "89"]
[EventDate "2002.02.13"]
[EventType "tourn"]
[EventRounds "9"]
[EventCountry "CAN"]

1. d4 Nf6 2. Nf3 e6 3. Bg5 c5 4. c3 d5 5. Nbd2 Nc6 6. e3 Be7 7. Bd3 b6 8. O-O
O-O 9. Re1 h6 10. Bh4 Bb7 11. Rc1 a5 12. Bb1 Re8 13. Qc2 g6 14. Rcd1 Rc8 15.
Bg3 Nd7 16. h4 h5 17. Qd3 Bf6 18. e4 cxd4 19. exd5 exd5 20. Rxe8+ Qxe8 21. Re1
Qd8 22. cxd4 Nb4 23. Qb3 Nf8 24. a3 Nc6 25. Qe3 Kg7 26. Be5 Bxe5 27. dxe5 Ne6
28. Ng5 Ncd4 29. f4 Nxg5 30. Qxd4 Ne6 31. Qf2 Rc5 32. f5 gxf5 33. Qxf5 Qxh4 34.
Nf3 Qg4 35. Qf6+ Kf8 36. Bf5 Qg7 37. Bxe6 Qxf6 38. exf6 fxe6 39. Rxe6 Rb5 40.
Ne5 Bc8 41. Rd6 Ke8 42. f7+ Ke7 43. Rd8 Kxd8 44. f8=Q+ Kc7 45. Qe7+ 1-0

[Event "Malcolm Sim mem 2"]
[Site "Toronto CAN"]
[Date "2002.02.27"]
[Round "3"]
[White "Sviridovitch, Slava"]
[Black "Verma, Rajan"]
[Result "0-1"]
[WhiteElo "1812"]
[BlackElo "1795"]
[PlyCount "92"]
[EventDate "2002.02.13"]
[EventType "tourn"]
[EventRounds "9"]
[EventCountry "CAN"]

1. d4 Nf6 2. Nf3 g6 3. e3 Bg7 4. Bd3 O-O 5. O-O d5 6. b3 c5 7. Bb2 Nbd7 8. Nbd2
Re8 9. Ne5 Nxe5 10. dxe5 Ng4 11. Bb5 Bd7 12. Bxd7 Qxd7 13. Nf3 Qe6 14. h3 Nxe5
15. Ng5 Qc6 16. f4 Nf3+ 17. Qxf3 Bxb2 18. Rad1 h6 19. Nxf7 Kxf7 20. f5 g5 21.
Qh5+ Kg7 22. h4 gxh4 23. Rf4 Rg8 24. Rxh4 Kh7 25. f6 Qxf6 26. Rf1 Qg6 27. Qxd5
Bf6 28. Rh3 b6 29. Rf5 Rad8 30. Qf3 Qg4 31. Rfh5 Qxf3 32. Rxh6+ Kg7 33. Rh7+
Kf8 34. Rxf3 Rd2 35. Rf2 Rxf2 36. Kxf2 Rh8 37. Rh3 Rxh3 38. gxh3 Kf7 39. Kf3
Ke6 40. Ke4 b5 41. a4 bxa4 42. bxa4 c4 43. Kf4 Kd5 44. e4+ Kd4 45. Kf5 Kc3 46.
e5 Bh8 0-1

[Event "Malcolm Sim mem 2"]
[Site "Toronto CAN"]
[Date "2002.02.27"]
[Round "3"]
[White "Takov, Chris"]
[Black "Shah, Omar"]
[Result "1-0"]
[WhiteElo "1972"]
[BlackElo "1912"]
[PlyCount "131"]
[EventDate "2002.02.13"]
[EventType "tourn"]
[EventRounds "9"]
[EventCountry "CAN"]

1. d4 Nf6 2. Nf3 g6 3. b3 Bg7 4. Bb2 O-O 5. g3 Ne4 6. Bg2 c5 7. O-O d5 8. Nbd2
Nd6 9. Rb1 c4 10. bxc4 dxc4 11. e4 Qc7 12. c3 Bg4 13. h3 Bxf3 14. Qxf3 e5 15.
Rfc1 Nc6 16. d5 Nb8 17. Qe2 Nd7 18. Ba3 Nb6 19. Bxd6 Qxd6 20. Nxc4 Nxc4 21.
Qxc4 Rfc8 22. Qb4 Qxb4 23. Rxb4 b6 24. Bf1 Bh6 25. Rc2 Bf8 26. Rb3 Rc5 27. Bb5
Rac8 28. Bc6 Rc4 29. f3 Bd6 30. Kf2 Rf8 31. g4 f5 32. gxf5 gxf5 33. Bb5 Rc5 34.
Bd3 fxe4 35. Bxe4 Rc4 36. Ke3 Rf7 37. Kd3 Rfc7 38. Rg2+ Kf8 39. Kc2 Ra4 40. Kb2
Rac4 41. h4 Rg7 42. Rxg7 Kxg7 43. Kc2 Kh6 44. Kd3 Rc7 45. Rb2 Rg7 46. a4 Kh5
47. Kc4 Rc7+ 48. Kd3 h6 49. Rh2 Rc5 50. Rg2 Kxh4 51. Rg4+ Kh3 52. Rg6 Bf8 53.
d6 h5 54. d7 Be7 55. Rg8 Ra5 56. d8=Q Bxd8 57. Rxd8 Rxa4 58. Rd5 Kg3 59. Rxe5
h4 60. Rg5+ Kf2 61. f4 h3 62. f5 Ra1 63. f6 Rd1+ 64. Kc2 Rd8 65. f7 Ke3 66. Rg8
1-0

[Event "Malcolm Sim mem 2"]
[Site "Toronto CAN"]
[Date "2002.03.06"]
[Round "4"]
[White "Haziprodromu, Sam"]
[Black "Richardson, Ross"]
[Result "1/2-1/2"]
[WhiteElo "1846"]
[BlackElo "1976"]
[PlyCount "65"]
[EventDate "2002.02.13"]
[EventType "tourn"]
[EventRounds "9"]
[EventCountry "CAN"]

1. e4 e5 2. Nf3 Nc6 3. Bb5 a6 4. Ba4 d6 5. Bxc6+ bxc6 6. d4 f6 7. h3 Ne7 8. O-O
Ng6 9. c4 Be7 10. Nc3 Bd7 11. d5 c5 12. Ne1 O-O 13. Nd3 f5 14. f4 exf4 15. Bxf4
Bf6 16. e5 Nxe5 17. Bxe5 Bxe5 18. Nf4 Qf6 19. Kh1 Rab8 20. Ne6 Bxe6 21. dxe6
Bxc3 22. bxc3 Qxe6 23. Qd3 Qe4 24. Qg3 Qxc4 25. Rf4 Qd5 26. c4 Qf7 27. Rd1 Qg6
28. Qf3 Qf6 29. g4 Qe5 30. gxf5 Rb2 31. Rg1 Qe2 32. Qg3 Rf7 33. f6 1/2-1/2

[Event "Malcolm Sim mem 2"]
[Site "Toronto CAN"]
[Date "2002.03.06"]
[Round "4"]
[White "Paterson, Jim"]
[Black "Bergeron, Florian"]
[Result "1/2-1/2"]
[WhiteElo "1976"]
[BlackElo "1907"]
[PlyCount "73"]
[EventDate "2002.02.13"]
[EventType "tourn"]
[EventRounds "9"]
[EventCountry "CAN"]

1. c4 Nf6 2. Nc3 g6 3. e4 d6 4. d4 Bg7 5. Be2 O-O 6. Nf3 Nbd7 7. O-O e5 8. Bg5
h6 9. dxe5 hxg5 10. exf6 Bxf6 11. Qc2 Ne5 12. Rad1 g4 13. Nd4 c6 14. c5 d5 15.
b4 Re8 16. exd5 cxd5 17. Ndb5 Bf5 18. Qd2 Bg5 19. Qxd5 Bc2 20. Qxd8 Rexd8 21.
Rxd8+ Bxd8 22. Rc1 Bf5 23. Rd1 a5 24. a3 axb4 25. axb4 Bc2 26. Rc1 Bf5 27. Nd6
Bg5 28. Rf1 Bd2 29. Nd5 Be6 30. Nc7 Ra2 31. Nxe6 fxe6 32. Nxb7 Bxb4 33. Bb5 Rc2
34. f4 gxf3 35. gxf3 Bxc5+ 36. Nxc5 Rxc5 37. Be2 1/2-1/2

[Event "Malcolm Sim mem 2"]
[Site "Toronto CAN"]
[Date "2002.03.06"]
[Round "4"]
[White "Shah, Omar"]
[Black "Sviridovitch, Slava"]
[Result "1-0"]
[WhiteElo "1912"]
[BlackElo "1872"]
[PlyCount "69"]
[EventDate "2002.02.13"]
[EventType "tourn"]
[EventRounds "9"]
[EventCountry "CAN"]

1. e4 g6 2. d4 Bg7 3. Nc3 c6 4. Nf3 d6 5. Be3 Nf6 6. h3 b5 7. Bd3 Bb7 8. e5
dxe5 9. dxe5 Nd5 10. Bd2 O-O 11. O-O a5 12. Ne4 Na6 13. Re1 Nab4 14. Bf1 Nc7
15. a3 Nbd5 16. Nc5 Qc8 17. Rc1 b4 18. axb4 axb4 19. c3 bxc3 20. bxc3 Ne6 21.
Nxe6 fxe6 22. g3 c5 23. Bg2 Nb6 24. Rb1 Nc4 25. Bf4 Ra3 26. Rxb7 Qxb7 27. Ng5
Qb8 28. Nxe6 Rxc3 29. Nxf8 Kxf8 30. e6 Qe8 31. Qd5 Nb2 32. Ra1 Rd3 33. Qb7 Na4
34. Bc6 Qd8 35. Rxa4 1-0

[Event "Malcolm Sim mem 2"]
[Site "Toronto CAN"]
[Date "2002.03.06"]
[Round "4"]
[White "Sherman, Robert"]
[Black "Takov, Chris"]
[Result "1-0"]
[WhiteElo "1962"]
[BlackElo "1975"]
[PlyCount "67"]
[EventDate "2002.02.13"]
[EventType "tourn"]
[EventRounds "9"]
[EventCountry "CAN"]

1. e4 e6 2. d4 d5 3. exd5 exd5 4. c4 Nf6 5. Nc3 Bb4 6. Bd3 O-O 7. Nge2 Nc6 8.
O-O Bg4 9. f3 dxc4 10. Bxc4 Bf5 11. a3 Bd6 12. Nb5 a6 13. Nxd6 Qxd6 14. Bf4 Qd7
15. d5 Ne7 16. d6 cxd6 17. Qxd6 Rad8 18. Rad1 Qc8 19. Qxe7 Rxd1 20. Rxd1 Qxc4
21. Rd8 Nd7 22. Bd6 h6 23. Rxf8+ Nxf8 24. Qxf8+ Kh7 25. Qe7 Bd3 26. Nf4 Qd4+
27. Kh1 Bf5 28. h3 Qc4 29. Kh2 b5 30. Qe5 Bc2 31. Nh5 f6 32. Qe7 Kg6 33. Qxg7+
Kxh5 34. g4+ 1-0

[Event "Malcolm Sim mem 2"]
[Site "Toronto CAN"]
[Date "2002.03.18"]
[Round "4"]
[White "Verma, Rajan"]
[Black "Millar, David"]
[Result "0-1"]
[WhiteElo "1795"]
[BlackElo "1855"]
[PlyCount "56"]
[EventDate "2002.02.13"]
[EventType "tourn"]
[EventRounds "9"]
[EventCountry "CAN"]

1. e4 c5 2. Nc3 Nc6 3. f4 d6 4. Nf3 g6 5. Bc4 Bg7 6. O-O e6 7. a3 Nge7 8. d3
O-O 9. Qe1 a6 10. Qh4 Nd4 11. f5 Nec6 12. Bg5 f6 13. Bh6 b5 14. Ba2 Ra7 15. g4
Qe7 16. g5 Bxh6 17. gxh6 Kh8 18. fxg6 hxg6 19. Nxd4 Nxd4 20. Rf2 Kh7 21. Raf1
f5 22. Qh3 Qg5+ 23. Kh1 Qxh6 24. Qg3 e5 25. Nd5 f4 26. Qg1 Bh3 27. Re1 f3 28.
Qg3 Ne2 0-1

[Event "Malcolm Sim mem 2"]
[Site "Toronto CAN"]
[Date "2002.03.20"]
[Round "5"]
[White "Bergeron, Florian"]
[Black "Haziprodromu, Sam"]
[Result "0-1"]
[WhiteElo "1907"]
[BlackElo "1874"]
[PlyCount "80"]
[EventDate "2002.02.13"]
[EventType "tourn"]
[EventRounds "9"]
[EventCountry "CAN"]

1. d4 Nf6 2. c4 e6 3. Nc3 Bb4 4. e3 O-O 5. Bd3 d5 6. Nf3 b6 7. O-O Bb7 8. a3
Bxc3 9. bxc3 Nbd7 10. cxd5 exd5 11. c4 Re8 12. Bb2 Rc8 13. cxd5 Bxd5 14. Rc1
Ne4 15. Ne5 Nxe5 16. dxe5 Nc5 17. Bf5 Be6 18. Bxe6 Nxe6 19. Qe2 Qh4 20. Rc4 Qh6
21. f4 Rcd8 22. Rf3 Qh5 23. h3 Nc5 24. g4 Qg6 25. f5 Qc6 26. Bd4 Qd5 27. Rf1
Ne4 28. Rfc1 c5 29. Ba1 Ng5 30. e4 Qd3 31. Qxd3 Rxd3 32. R4c3 Red8 33. Rxd3
Rxd3 34. e6 fxe6 35. fxe6 Nxe6 36. Bb2 Kf7 37. Rf1+ Ke7 38. h4 Rg3+ 39. Kf2
Rxg4 40. Kf3 Rf4+ 0-1

[Event "Malcolm Sim mem 2"]
[Site "Toronto CAN"]
[Date "2002.03.20"]
[Round "5"]
[White "Millar, David"]
[Black "Shah, Omar"]
[Result "0-1"]
[WhiteElo "1855"]
[BlackElo "1912"]
[PlyCount "28"]
[EventDate "2002.02.13"]
[EventType "tourn"]
[EventRounds "9"]
[EventCountry "CAN"]

1. d4 d5 2. Nf3 Nf6 3. g3 g6 4. Bg2 Bg7 5. O-O O-O 6. b3 c5 7. Bb2 Nfd7 8. e3
Nc6 9. Nc3 e6 10. Qe2 cxd4 11. Na4 dxe3 12. Qxe3 Nf6 13. Ne5 Nxe5 14. Bxe5 Ng4
0-1

[Event "Malcolm Sim mem 2"]
[Site "Toronto CAN"]
[Date "2002.03.20"]
[Round "5"]
[White "Paterson, Jim"]
[Black "Sherman, Robert"]
[Result "1-0"]
[WhiteElo "1976"]
[BlackElo "1962"]
[PlyCount "67"]
[EventDate "2002.02.13"]
[EventType "tourn"]
[EventRounds "9"]
[EventCountry "CAN"]

1. d4 d5 2. c4 e6 3. Nc3 c5 4. cxd5 cxd4 5. Qa4+ Bd7 6. Qxd4 exd5 7. Qxd5 Nc6
8. Bg5 Nf6 9. Bxf6 Qxf6 10. e3 O-O-O 11. Nf3 Bf5 12. Qc4 Kb8 13. Be2 g5 14. O-O
g4 15. Qf4+ Bd6 16. Qg5 Qe6 17. Nh4 Bg6 18. Qxg4 f5 19. Qc4 Qf6 20. Nf3 Ne5 21.
Nxe5 Qxe5 22. Qh4 Rhg8 23. Rfd1 Bf7 24. Rd4 Qg7 25. Bf3 Bc7 26. Rad1 Rxd4 27.
Rxd4 f4 28. Rd7 fxe3 29. fxe3 Qe5 30. Qf4 Qxf4 31. exf4 Bg6 32. Nb5 Bb6+ 33.
Kh1 Kc8 34. Rxb7 1-0

[Event "Malcolm Sim mem 2"]
[Site "Toronto CAN"]
[Date "2002.03.20"]
[Round "5"]
[White "Richardson, Ross"]
[Black "Verma, Rajan"]
[Result "1-0"]
[WhiteElo "1976"]
[BlackElo "1795"]
[PlyCount "51"]
[EventDate "2002.02.13"]
[EventType "tourn"]
[EventRounds "9"]
[EventCountry "CAN"]

1. Nf3 d5 2. d4 Nf6 3. c4 e6 4. Bg5 Be7 5. Nc3 Nbd7 6. e3 O-O 7. Bd3 c6 8. Rc1
h6 9. Bf4 Nh5 10. Be5 Nhf6 11. O-O Nxe5 12. Nxe5 dxc4 13. Bxc4 Nd7 14. f4 Nxe5
15. fxe5 c5 16. Qd3 cxd4 17. exd4 b6 18. Qe4 Rb8 19. Bd3 g6 20. Ne2 Bb7 21. Qg4
Bg5 22. Rcd1 Be3+ 23. Kh1 Qg5 24. Qxg5 hxg5 25. Bc4 Rbd8 26. Rd3 1-0

[Event "Malcolm Sim mem 2"]
[Site "Toronto CAN"]
[Date "2002.03.20"]
[Round "5"]
[White "Sviridovitch, Slava"]
[Black "Takov, Chris"]
[Result "1-0"]
[WhiteElo "1894"]
[BlackElo "1900"]
[PlyCount "112"]
[EventDate "2002.02.13"]
[EventType "tourn"]
[EventRounds "9"]
[EventCountry "CAN"]

1. d4 d5 2. Nf3 Nf6 3. e3 a6 4. Bd3 Bg4 5. b3 e6 6. Bb2 Bd6 7. Nbd2 Nbd7 8. Be2
Rc8 9. O-O c5 10. c4 dxc4 11. Nxc4 Bb8 12. dxc5 Nxc5 13. Qxd8+ Rxd8 14. Bxf6
gxf6 15. Rad1 O-O 16. Nd4 Bxe2 17. Nxe2 b5 18. Na5 Rd6 19. Rxd6 Bxd6 20. Rd1
Rd8 21. g3 Bc7 22. Rxd8+ Bxd8 23. Nc6 Bb6 24. Nc3 Kf8 25. b4 Nd7 26. Kf1 f5 27.
Ke2 Ke8 28. Kd3 f6 29. f3 Bc7 30. e4 f4 31. g4 Nb6 32. Ne2 e5 33. Na5 Kd7 34.
Nc3 Kd6 35. Nb7+ Kc6 36. Nc5 a5 37. bxa5 Nc4 38. Nb3 Nxa5 39. Nxa5+ Bxa5 40.
Nd5 Bd8 41. Kc3 Kc5 42. a3 Ba5+ 43. Kd3 Bd8 44. Nb4 h6 45. Nc2 Ba5 46. Na1 Be1
47. Nb3+ Kd6 48. Ke2 Bh4 49. Kd3 Kc6 50. Na5+ Kb6 51. Nb3 Bf2 52. Kc2 Bg3 53.
hxg3 fxg3 54. Nc1 Kc5 55. Kc3 Kb6 56. Kb4 Kc6 1-0